000 01249cam a2200313 a 4500
999 _c1713
_d1713
001 13319486
003 OSt
005 20210316163414.0
008 030821s2003 gw a bf 001 0 eng
010 _a 2003276116
_z 2002015300
020 _a3540008780
040 _aDNLM/DLC
_cDLC
_dDLC
050 0 0 _aRL74
_b.E94 2003
060 1 0 _aWR 39
_bE89 2003
082 0 4 _aWR100 E74k 2003
_221
100 _aKatsambas, A. D.; Lotti, T. M.
_913974
245 0 0 _aEuropean Handbook of Dermatological Treatments
250 _a2nd ed.
260 _aBerlin;
_bSpringer,
_cc2003.
300 _axxviii, 804 p. :
_bill. ;
_c25 cm.
504 _aIncludes bibliographical references and index.
650 0 _aSkin Diseases
_94526
650 0 _aDermatology
_94527
856 4 2 _3Publisher description
_uhttp://www.loc.gov/catdir/enhancements/fy0813/2003276116-d.html
856 4 1 _3Table of contents only
_uhttp://www.loc.gov/catdir/enhancements/fy0813/2003276116-t.html
906 _a7
_bcbc
_corigcop
_d2
_encip
_f20
_gy-gencatlg
942 _2z
_cSLOAN